000
00321nam a22001217a 4500
999
_c
8531
_d
8531
008
200316b ||||| |||| 00| 0 eng d
100
_a
Singh, Y. K.
245
_a
Environmental Science
250
_a
Reprint 2019
260
_a
New Delhi
_b
New Age International Publishers
650
_a
Biology and EVS
942
_2
ddc
_c
BK
_0
8